Essentials of Supply Chain Management / (Record no. 17045)
[ view plain ]
| 000 -LEADER | |
|---|---|
| fixed length control field | 01677cam a22002414a 4500 |
| 001 - CONTROL NUMBER | |
| control field | 16667303 |
| 005 - DATE AND TIME OF LATEST TRANSACTION | |
| control field | 20121001160403.0 |
| 008 - FIXED-LENGTH DATA ELEMENTS--GENERAL INFORMATION | |
| fixed length control field | 110225s2011 njua b 001 0 eng |
| 020 ## - INTERNATIONAL STANDARD BOOK NUMBER | |
| International Standard Book Number | 9780470942185 (pbk.) |
| 082 00 - DEWEY DECIMAL CLASSIFICATION NUMBER | |
| Classification number | 658.7 |
| Edition number | 22 |
| Item number | HUS |
| 100 1# - MAIN ENTRY--PERSONAL NAME | |
| Personal name | Hugos, Michael H. |
| 9 (RLIN) | 31025 |
| 245 10 - TITLE STATEMENT | |
| Title | Essentials of Supply Chain Management / |
| Statement of responsibility, etc | Michael Hugos. |
| 250 ## - EDITION STATEMENT | |
| Edition statement | 3rd ed. |
| 260 ## - PUBLICATION, DISTRIBUTION, ETC. (IMPRINT) | |
| Place of publication, distribution, etc | Hoboken, N.J. : |
| Name of publisher, distributor, etc | Wiley, |
| Date of publication, distribution, etc | 2011. |
| 300 ## - PHYSICAL DESCRIPTION | |
| Extent | xiv, 332 p. : |
| Other physical details | ill. ; |
| Dimensions | 23 cm. |
| 490 0# - Series Statement | |
| Series statement | Essentials series |
| 504 ## - BIBLIOGRAPHY, ETC. NOTE | |
| Bibliography, etc | Includes bibliographical references (p. 179-195) and index. |
| 520 ## - SUMMARY, ETC. | |
| Summary, etc | "The latest thinking, strategies, developments, and technologies to stay current in supply chain management. Presenting the core concepts and techniques of supply chain management in a clear, concise and easily readable style, the Third Edition of Essentials of Supply Chain Management outlines the most crucial tenets and concepts of supply chain management. Shows how to utilize technology to boost efficiency and responsiveness. Introduces new material on the latest technology and practices available for supply chain management. Offers new cases and executive interviews throughout the book. Written by author of Business in the Cloud: What Every Business Needs to Know about Cloud Computing. Creating an effective supply chain is key to staying ahead in today's complex market. The Third Edition provides the tools, guidance, and examples to help maximize business performance and create competitive advantage."-- |
| 650 #0 - SUBJECT ADDED ENTRY--TOPICAL TERM | |
| Topical term or geographic name as entry element | Business logistics. |
| 9 (RLIN) | 31026 |
| 650 #7 - SUBJECT ADDED ENTRY--TOPICAL TERM | |
| Topical term or geographic name as entry element | BUSINESS & ECONOMICS / Distribution |
| Source of heading or term | bisacsh. |
| 9 (RLIN) | 31027 |
| 653 ## - INDEX TERM--UNCONTROLLED | |
| Resource For college | |
| Arrived date list | October2012 |
| 942 ## - ADDED ENTRY ELEMENTS (KOHA) | |
| Source of classification or shelving scheme | Dewey Decimal Classification |
| Item type | Book - Borrowing |
| Withdrawn status | Item status | Source of classification or shelving scheme | Damaged status | Not for loan | Vendor | Home library | Current library | Shelving location | Date acquired | Source of acquisition | Cost, normal purchase price | Serial Enumeration / chronology | Total Checkouts | Total Renewals | Full call number | Barcode | Date last seen | Date last borrowed | Koha item type |
|---|---|---|---|---|---|---|---|---|---|---|---|---|---|---|---|---|---|---|---|
| Dewey Decimal Classification | Baccah | Central Library | Central Library | First floor | 01/10/2012 | 200.00 | 3 | 3 | 45 | 658.7 HUS | 000027521 | 15/07/2025 | 26/09/2023 | Book - Borrowing | |||||
| Dewey Decimal Classification | Baccah | Central Library | Central Library | First floor | 01/10/2012 | 200.00 | 3 | 1 | 14 | 658.7 HUS | 000027522 | 15/07/2025 | 23/09/2024 | Book - Borrowing | |||||
| Dewey Decimal Classification | Baccah | Central Library | Central Library | First floor | 01/10/2012 | 200.00 | 3 | 658.7 HUS | 000027523 | 15/07/2025 | Book - Borrowing | ||||||||
| Dewey Decimal Classification | Baccah | Central Library | Central Library | First floor | 01/10/2012 | 200.00 | 3 | 3 | 2 | 658.7 HUS | 000027524 | 13/12/2025 | 01/10/2025 | Book - Borrowing | |||||
| Dewey Decimal Classification | Baccah | Central Library | Central Library | First floor | 01/10/2012 | 200.00 | 3 | 1 | 658.7 HUS | 000027525 | 15/07/2025 | 10/04/2017 | Book - Borrowing |